| Tag |
First Indicator |
Second Indicator |
Subfields |
| LEADER |
00000pam a22000004a 4500 |
| 001 |
in00002408813 |
| 005 |
20151109100359.0 |
| 008 |
080204s2008 scuab b 000 0 eng |
| 010 |
|
|
|a 2008004622
|
| 020 |
|
|
|a 9781596293045
|
| 020 |
|
|
|a 1596293047
|
| 035 |
|
|
|a (OCoLC)ocn191865593
|
| 040 |
|
|
|a DLC
|c DLC
|d UtOrBLW
|
| 043 |
|
|
|a n-us-nc
|
| 049 |
|
|
|a TXAM
|
| 050 |
0 |
0 |
|a F264.W8
|b B755 2008
|
| 082 |
0 |
0 |
|a 975.6/67
|2 22
|
| 100 |
1 |
|
|a Bricker, Michael L.
|
| 245 |
1 |
0 |
|a Winston-Salem :
|b a twin city history /
|c Michael Bricker.
|
| 264 |
|
1 |
|a Charleston, S.C. :
|b History Press,
|c 2008.
|
| 300 |
|
|
|a 160 pages :
|b illustrations, map ;
|c 25 cm.
|
| 336 |
|
|
|a text
|b txt
|2 rdacontent
|
| 337 |
|
|
|a unmediated
|b n
|2 rdamedia
|
| 338 |
|
|
|a volume
|b nc
|2 rdacarrier
|
| 504 |
|
|
|a Includes bibliographical references (pages [157]-160).
|
| 651 |
|
0 |
|a Winston-Salem (N.C.)
|x History.
|
| 650 |
|
0 |
|a Moravians
|z North Carolina
|z Winston-Salem
|x History.
|
| 945 |
|
|
|a PromptCat
|
| 946 |
|
|
|a stk
|
| 947 |
|
|
|a A14836733484
|
| 948 |
|
|
|a cataloged
|b h
|c 2008/8/28
|d c
|e dmitchel
|f 12:00:00 pm
|
| 994 |
|
|
|a 92
|b TXA
|
| 999 |
|
|
|a MARS
|
| 999 |
f |
f |
|s ae0b6056-3f56-3dec-9408-ef185b37aca1
|i 7cc565a0-ab70-3f1b-86ca-ef631d8af533
|t 0
|
| 952 |
f |
f |
|p ric
|a Texas A&M University
|b Rellis Campus
|c Joint Library Facility
|d Remote Storage
|t 0
|e F264.W8 B755 2008
|h Library of Congress classification
|i unmediated -- volume
|m A14836733484
|
| 998 |
f |
f |
|a F264.W8 B755 2008
|t 0
|l Remote Storage
|